| 000 | 00461ntaaa2200193 4500 | ||
|---|---|---|---|
| 003 | 01 | ||
| 005 | 20251027202719.0 | ||
| 008 | 0714s1973 ag 01 | ||
| 040 |
_aAR-BaBN _bspa _cAR-BaBN _eaacr _dRIC |
||
| 082 | _a651.6940 M46 | ||
| 100 |
_aMead, Margaret _92026 |
||
| 245 | _aEl derecho a vivir | ||
| 250 | _a1 ed. | ||
| 260 |
_aBuenos Aires : _bAurora, _c1972 |
||
| 300 | _a276 p | ||
| 650 |
_aantropología _95885 |
||
| 700 |
_aOtros, _913169 |
||
| 942 | _cBK | ||
| 999 |
_c22321 _d22321 |
||